000 00725nam a2200217 a 4500
001 000023886
005 20260204085718.0
008 110115s1936 sp ac r 000 0 spa d
040 _aDO-SdBNP
_bspa
_cBNPHU
041 1 7 _aspa
_heng
_2Código de idiomas MARC
082 _a395
_bE34n
100 1 _aEichler, Lillian,
_949142
240 1 4 _aThe new book of etiquette.
_lEspañol
245 1 0 _aNuevo libro de etiqueta /
_cLillian Eichler.
260 _aBarcelona :
_bHymsa,
_c1936.
300 _a405 p. :
_bil., retrs. ;
_c22 cm.
504 _aIncluye referencias bibliográficas y notas al pie de las páginas.
534 _pTítulo original en inglés:
_tThe new book of etiquette.
650 0 _aEtiqueta
_9402
049 _aBNGR
999 _c23382
_d23382